000 00276nam a22001217a 4500
082 _a613.7046
_bVEN/Y
100 _aVENKATESWARAN, P S
245 _aYOGA FOR YOU
260 _aMUMBAI
_bJAICO PUBLISHING HOUSE
300 _a32
650 _aHEALTH AND FITNESS
_zINDIA
942 _cBK
999 _c5468
_d5468